000 01147nam a2200265 i 4500
001 182969
003 ES-MaACL
005 20250822090136.0
008 140108r20051509sp |||| | spa d
020 _a84-934365-0-X
080 _a398.9(460)(082.2)
245 0 0 _aRefranes famosísimos y provechosos glosados
_b: edición facsímil de la de Burgos, Fadrique de Basilea, 1509 /
_cedición, Fermín de los Reyes Gómez ; estudios, Jesús Cantera ... [et al.] ; transcripción, Susana Vilches.
260 _a[Burgos] :
_bFundación Instituto Castellano y Leonés de la Lengua,
_c[2005]
300 _a146 p., [28] p. :
_bil. ;
_c23 cm.
490 1 _aLibros singulares ;
_v2
650 4 _aRefranes y proverbios-
_zEspaña.
_916726
700 1 _aReyes Gómez, Fermín de los.
_996584
700 1 _aCantera, Jesús
_d1923-2017
_934641
700 1 _aVilches Crespo, Susana.
_9154087
830 0 _aLibros singulares ;
_v2
_9191853
852 _aES-MaACL
_jA-12933
_9189902
_bR.149783
_cDEPO1
_dOlim: N-5933
_xDonación: Real Academia Española
914 _96336
_aReal Academia Española
_ednr
942 _2udc
_cMONOGRAFIA
999 _c182969
_d182969